نصوص مختارة : (Record no. 15807)
[ view plain ]
| 000 -الفاتح | |
|---|---|
| حقل البيانات ثابتة الطول | 01464nam a22003257a 4500 |
| 003 - محدد رقم الضبط | |
| رقم الضبط | EG-ScBUE |
| 005 - وقت وتاريخ اخر تعامل مع التسجيلة | |
| رقم الضبط | 20211125100227.0 |
| 008 - عناصر البيانات ثابتة الطول - معلومات عامة | |
| حقل البيانات ثابتة الطول | 110810s2002 ua f 000 d ara d |
| 017 ## - رقم الإيداع القانونى | |
| رقم الإيداع القانونى | 2002 / 14326 |
| 020 ## - الرقم الدولى المعيارى للكتب | |
| الرقم الدولى المعيارى للكتاب | 9773052982 |
| 040 ## - مصدر الفهرسة | |
| وكالة الفهرسة الأصلية | EG-ScBUE |
| لغة الفهرسة | ara |
| قواعد الوصف | rda |
| وكالة النسخ | EG-ScBUE |
| وكالة التعديل | EG-ScBUE |
| 041 1# - رمز اللغة | |
| رمز لغة النص/ المسارات الصوتية أو العنوان الانفرادي | ara |
| رمز لغة الترجمات و/او الاصلية المتوسطة للنص | ger |
| 082 04 - رقم تصنيف ديوى العشرى | |
| رقم التصنيف | 832.914 |
| رقم المادة | ش ت ر |
| رقم الطبعة | 22 |
| 100 1# - المدخل الرئيسى - إسم شخصى | |
| 9 (RLIN) | 26650 |
| الإسم الشخصى | شترورنيش، مارلينا، |
| الدور | مؤلف. |
| 240 10 - العنوان الموحد | |
| عنوان موحد | Waikiki-beach, und andere orte : die theaterstücke. |
| لغة العمل | Arabic |
| 245 10 - بيان العنوان | |
| العنوان | نصوص مختارة : |
| بيان المسئوليه,etc | للكاتبة النمساوية مارلينا شترورنيش ؛ ترجمة حنان معوض ؛ مراجعة د. حامد غانم، مركز اللغات والترجمة، أكاديمية الفنون. |
| 264 #1 - النشر، التوزيع | |
| مكان الناشر او الموزع | القاهرة : |
| اسم الناشر او الموزع | وزارة الثقافة، مهرجان القاهرة الدولي للمسرح التجريبي، |
| تاريخ النشر أو التوزيع | [2002] |
| 300 ## - الوصف المادى | |
| التعداد | 401 صفحة ؛ |
| أبعاد الوعاء | 24 سم |
| 336 ## - نوع المحتوى | |
| source | rdacontent |
| Carrier Type Term | نص |
| Content Type Code | txt |
| 337 ## - نوع الوسيط | |
| source | rdamedia |
| Media Type Term | بدون وسيط |
| Media Type Code | n |
| 338 ## - نوع الحامل أو الناقل | |
| source | rdacarrier |
| Carrier Type Term | مجلد |
| Carrier Type Code | nc |
| 546 ## - تبصرة اللغة | |
| تبصرة اللغة | النص باللغة العربية وتم ترجمته من اللغة الألمانية. |
| 650 #7 - المدخل الاضافى بالموضوع-مصطلح موضوعى | |
| 9 (RLIN) | 26651 |
| مصطلح موضوعي أو اسم جغرافي كعنصر مدخل | المسرحيات النمساوية |
| التقسيم الفرعي الزمني | قرن 20. |
| مصدر الرأس أو المصطلح | BUEsh |
| 651 ## - المدخل الاضافى بالموضوع - اسم جغرافى | |
| مصدر الرأس أو المصطلح | BUEsh |
| 653 ## - مصطلح تكشيفى غير مقيد | |
| Arrived date list | August2011 |
| Resource For college | Humanities: English |
| 655 ## - مصطلح تكشيفى-نوع/شكل | |
| التقسيم الفرعي الشكلي | Reading book |
| -- | 34232 |
| 700 1# - المدخل الاضافى - اسم شخصى | |
| 9 (RLIN) | 26652 |
| الإسم الشخصى | معوض، حنان، |
| الدور | مترجم. |
| 700 1# - المدخل الاضافى - اسم شخصى | |
| 9 (RLIN) | 26653 |
| الإسم الشخصى | غانم، حامد، |
| الدور | مراجع. |
| 942 ## - عناصر المدخل الإضافي( كوها) | |
| مصدر التصنيف او مخطط الترفيف | Dewey Decimal Classification |
| Koha [default] item type | Book - Borrowing |
| حالة التراجع | حالة الفقد | مصدر التصنيف او خطة الترفيف | حالة تلف | ليس للاعارة | مجموعات كوها | المكان الدائم | المكان الحالي | موقع الترفيف | تاريخ الاكتساب | Source of acquisition | رقم الاستدعاء | الباركود | Date last seen | نوع الوعاء |
|---|---|---|---|---|---|---|---|---|---|---|---|---|---|---|
| Dewey Decimal Classification | Alef-Baa | Central Library | Central Library | Second Floor | 10/08/2011 | 832.914 ش ت ر | 000025083 | 15/07/2025 | Book - Borrowing |